000 00496nam a2200169Ia 4500
008 241127s9999||||xx |||||||||||||| ||und||
020 _a9780321210258
_c00
040 _beng
_cSSK Library
_erda
082 _a005.74/CON
100 _a Thomas M. Connolly & Carolyn E. Begg
245 0 _aDatabase Systems: A Practical Approach To Design, Implementation, And Management
250 _a4th ed.
260 _b Addison-Wesley
_c©2005
942 _22ddc
_cBOOK
_nNo
999 _c8584
_d8584
003 OSt
005 20241127152746.0